| 000 | 00632nam a2200193Ia 4500 | ||
|---|---|---|---|
| 003 | GCL | ||
| 008 | 140319s9999 xx 000 0 ara d | ||
| 040 |
_aGCL / _cGCL |
||
| 082 | 0 | 4 |
_aق _b327.1162 _bع م |
| 100 | 1 | _aعبدالحكيم العفيفى | |
| 245 | 1 | 0 |
_aموسوعة تاريخ الاعدام السياسى فى مصر / _cعبدالحكيم العفيفى |
| 300 | _a292 ص | ||
| 490 |
_aالهيئة العامة للاستعلامات _v0 |
||
| 650 | 0 | 4 | _aالجرائم السياسية |
| 650 | 0 | 4 | _aالعدوانية |
| 650 | 0 | 4 | _aالعنف - مصر |
| 650 | 0 | 4 | _aالارهاب - مصر |
| 942 |
_2ddc _cBK |
||
| 999 |
_c52151 _d52151 |
||